Detalles MARC
| 000 -LIDER |
| fixed length control field |
02507nam a2200397 a 4500 |
| 001 - NÚMERO DE CONTROL |
| Identificador de número de control |
000000187 |
| 003 - IDENTIFICACDOR DE NÚMERO DE CONTROL |
| control field |
DO-SdBNP |
| 005 - DATE AND TIME OF LATEST TRANSACTION |
| control field |
20171011125312.0 |
| 007 - CAMPOS FIJOS DE DESCRIPCIÓN FÍSICA |
| fixed length control field |
000000186 |
| 008 - ELEMENTOS DE LONGITUD FIJA |
| fixed length control field |
081029s2010 dr 001 0 spa d |
| 020 ## - ISBN |
| International Standard Book Number |
97899454873344 |
| 040 ## - FUENTE DE CATALOGACIÓN |
| Agencia que crea de manera original el registro |
BPMSU |
| Idioma de catalogación |
spa |
| Agencia que realiza la transcripción |
BPMSU |
| 082 ## - NÚMERO DE CLASIFICACIÓN DECIMAL DE DEWEY |
| Classification number |
972.93 |
| Item number |
B742d, 2010 |
| 092 ## - LOCALLY ASSIGNED DEWEY DECIMAL CALL NUMBER |
| Número de ítem (Cutter) |
|
| 100 1# - ASIENTO PRINCIPAL -- NOMBRE PERSONAL |
| Nombre personal |
Bosch, Juan, |
| Fechas asociadas con el nombre |
1909-2001 |
| 245 14 - MENCIÓN DE TITULO |
| Título |
Las dictaduras dominicanas / |
| Mención de responsabilidad |
Juan Bosch. |
| 250 ## - MENCIÓN DE EDICION |
| Mención de edición |
|
| 260 ## - PUBLICACIÓN, DISTRIBUCIÓN, ETC. (PIE DE IMPRENTA) |
| Lugar de publicación, distribución, etc |
Santo Domingo : |
| Nombre del editor, distribuidor, etc. |
Fundación Juan Bosch, |
| Fecha de publicación, distribución, etc |
2005. |
| 300 ## - DESCRIPCIÓN FÍSICA |
| Extensión |
190 p. ; |
| Dimensiones |
23 cm. |
| 490 1# - MENCIÓN DE SERIES |
| Mención de serie |
Centenario de Juan Bosch, |
| 490 1# - MENCIÓN DE SERIES |
| Mención de serie |
Política |
| 505 0# - NOTA DE CONTENIDO |
| Título |
Palabras de introducción -- |
| -- |
Una colonia despoblada -- |
| -- |
La aparición del capitalismo en nuestro país -- |
| -- |
Situación de desorden general -- |
| -- |
El país desconocía el orden -- |
| -- |
Lo que era el país en el año 1888 -- |
| -- |
Lo que era el país en el año 1888 -- |
| -- |
El panorama de un país sin caminos -- |
| -- |
El tránsito del precapitalismo al capitalismo -- |
| -- |
Se reanuda el estado de desorden general -- |
| -- |
Bolos contra rabuses y rabuses contra bolos -- |
| -- |
Cada quien hacía lo que le daba la gana -- |
| -- |
El desorden general en el año 1906 -- |
| -- |
Guayubín, un general de esos tiempos -- |
| -- |
Más guerras y la división de los bolos -- |
| -- |
Desiderio Arias. Su papel en la actividad política nacional -- |
| -- |
Ocupación militar del país por Estados Unidos -- |
| -- |
La ley de registro de tierras -- |
| -- |
La situación económica hacia el año 1920 -- |
| -- |
El atraso en la sociedad y en el comercio -- |
| -- |
Las puertas del poder se abren para Trujillo -- |
| -- |
Trujillo: único jefe militar y político del país -- |
| -- |
Uso constante del terror trujillista -- |
| -- |
Los asesinatos dentro y fuera del país -- |
| -- |
Planes de asesinatos de presidentes caribeños -- |
| -- |
La acumulación originaria trujillista -- |
| -- |
La situación económica del país en 1930 -- |
| -- |
El impulso al desarrollo industrial, obra de la dictadura de Trujillo.-- |
| -- |
Reseña biográfica de Juan Bosch |
| 600 14 - ENCABEZAMIENTO DE MATERIA--NOMBRE PERSONAL |
| Nombre personal |
TRUJILLO MOLINA, RAFAEL LEÓNIDAS, |
| Fechas asociadas con el nombre |
1891-1961 |
| 600 14 - ENCABEZAMIENTO DE MATERIA--NOMBRE PERSONAL |
| Nombre personal |
HEUREAUX, ULISES, |
| Fechas asociadas con el nombre |
1845-1899 |
| 650 #4 - ENCABEZAMIENTO DE MATERIA--TEMÁTICO |
| Término temático o nombre geográfico como elemento de entrada |
PRESIDENTES |
| Subdivisión geográfica |
REPÚBLICA DOMINICANA |
| 650 #4 - ENCABEZAMIENTO DE MATERIA--TEMÁTICO |
| Término temático o nombre geográfico como elemento de entrada |
DICTADORES |
| Subdivisión geográfica |
REPÚBLICA DOMINICANA |
| 651 #4 - ENCABEZAMIENTO DE MATERIA--NOMBRE GEOGRÁFICO |
| Nombre geográfico |
REPÚBLICA DOMINICANA |
| Subdivisión temática general |
HISTORIA |
| 651 #4 - ENCABEZAMIENTO DE MATERIA--NOMBRE GEOGRÁFICO |
| Nombre geográfico |
REPÚBLICA DOMINICANA |
| Subdivisión temática general |
HISTORIA |
| Subdivisión cronológica |
ERA DE TRUJILLO, 1930-1961 |
| 651 #4 - ENCABEZAMIENTO DE MATERIA--NOMBRE GEOGRÁFICO |
| Nombre geográfico |
REPÚBLICA DOMINICANA |
| Subdivisión temática general |
POLÍTICA Y GOBIERNO |
| 830 #0 - ASIENTO SECUNDARIO DE SERIE--TÍTULO UNIFORME |
| Título uniforme |
Centenario de Juan Bosch, |
| 830 #0 - ASIENTO SECUNDARIO DE SERIE--TÍTULO UNIFORME |
| Título uniforme |
Política |
| 910 ## - VALIDACIÓN |
| Validación |
|
| 942 ## - ADDED ENTRY ELEMENTS (KOHA) |
| Source of classification or shelving scheme |
Dewey Decimal Classification |
| Koha item type |
Libros |
| 945 ## - INFORMACIÓN DE PROCESAMIENTO LOCAL |
| Información de procesamiento local |
Inventariado, 2017/MFF |
| 956 ## - LOCAL ELECTRONIC LOCATION AND ACCESS (OCLC) |
| Nombre de host |
VMATEO |
| Número de acceso |
10 |
| Información de compresión |
20161116 |
| Inicio de sesión |
BPMSU |
| Procesador de solicitud |
0069 |